000 00418pab a2200169 454500
008 180718b2015 xxu||||| |||| 00| 0 eng d
100 _aAshwani Kumar
245 _aSmart transport for smart cities
260 _c2015
300 _ap.24-25.
362 _a14 Mar
650 _aTransport
650 _aUrban development
650 _aUrban transport
773 _aEconomic and Political Weekly
909 _a107454
999 _c107449
_d107449